[Event "HUN-chT4 Chalupetzky 1819"]
[Site "Hunagry"]
[Date "2019.02.17"]
[Round "6.1"]
[White "Barson, Laszlo"]
[Black "Rako, Istvan"]
[Result "1/2-1/2"]
[WhiteElo "2021"]
[BlackElo "2032"]
[PlyCount "46"]
[EventDate "2018.10.14"]
[EventType "team-tourn"]
[EventRounds "10"]
[EventCountry "HUN"]
[SourceTitle "EXT 2020"]
[Source "ChessBase"]
[SourceDate "2019.10.17"]
[SourceVersion "1"]
[SourceVersionDate "2019.10.17"]
[SourceQuality "1"]
[WhiteTeam "Fertoszentmiklos"]
[BlackTeam "KSE Level"]
[WhiteTeamCountry "HUN"]
[BlackTeamCountry "HUN"]

1. e4 c6 2. d4 g6 3. Nc3 d5 4. h3 Bg7 5. Nf3 dxe4 6. Nxe4 Nd7 7. Bd3 Ngf6 8. Nxf6+ Nxf6 9. c3 0-0 10. 0-0 b5 11. a4 Bd7 12. axb5 cxb5 13. Ne5 a5 14. Qe2 b4 15. cxb4 axb4 16. Rxa8 Qxa8 17. Nxd7 Nxd7 18. Qxe7 Qd5 19. Qxb4 Rb8 20. Qc4 Qxd4 21. b3 Nc5 22. Rd1 Rxb3 23. Be3 Rxd3 1/2-1/2

[Event "HUN-chT4 Chalupetzky 1819"]
[Site "Hunagry"]
[Date "2018.10.14"]
[Round "1.1"]
[White "Rako, Istvan"]
[Black "Barson, Laszlo"]
[Result "0-1"]
[WhiteElo "2032"]
[BlackElo "2021"]
[PlyCount "62"]
[EventDate "2018.10.14"]
[EventType "team-tourn"]
[EventRounds "10"]
[EventCountry "HUN"]
[SourceTitle "EXT 2020"]
[Source "ChessBase"]
[SourceDate "2019.10.17"]
[SourceVersion "1"]
[SourceVersionDate "2019.10.17"]
[SourceQuality "1"]
[WhiteTeam "KSE Level"]
[BlackTeam "Fertoszentmiklos"]
[WhiteTeamCountry "HUN"]
[BlackTeamCountry "HUN"]

1. e4 c5 2. Nf3 d6 3. c3 Nf6 4. Bc4 Nc6 5. Qe2 Bg4 6. 0-0 g6 7. h3 Bxf3 8. Qxf3 Bg7 9. d3 0-0 10. Bb3 b5 11. Be3 e5 12. Nd2 a5 13. a4 b4 14. Bc4 Qc7 15. Bg5 Nd7 16. Qe3 bxc3 17. bxc3 Rab8 18. Bb5 Na7 19. Nc4 Nxb5 20. axb5 Rxb5 21. Be7 Ra8 22. Nxd6 Rb3 23. Nc4 a4 24. Rfb1 Rxb1+ 25. Rxb1 a3 26. Qd2 Nb6 27. Nxb6 a2 28. Ra1 Qxb6 29. Bg5 Qb1+ 30. Qc1 Qxd3 31. f3 Rb8 0-1

[Event "HUN-chT4 Chalupetzky 1718"]
[Site "Hungary"]
[Date "2018.02.25"]
[Round "6.2"]
[White "Voros, Gellert"]
[Black "Barson, Laszlo"]
[Result "1/2-1/2"]
[WhiteElo "2129"]
[BlackElo "2003"]
[PlyCount "158"]
[EventDate "2017.10.15"]
[EventType "team-tourn"]
[EventRounds "7"]
[EventCountry "HUN"]
[SourceTitle "EXT 2019"]
[Source "ChessBase"]
[SourceDate "2018.10.10"]
[SourceVersion "1"]
[SourceVersionDate "2018.10.10"]
[SourceQuality "1"]
[WhiteTeam "Gyor Szechenyi"]
[BlackTeam "Fertoszentmiklos"]
[WhiteTeamCountry "HUN"]
[BlackTeamCountry "HUN"]

1. e4 c5 2. c3 Nf6 3. e5 Nd5 4. d4 cxd4 5. Nf3 e6 6. cxd4 Nc6 7. Nc3 Nxc3 8. bxc3 d6 9. Bf4 Be7 10. Bd3 0-0 11. 0-0 dxe5 12. Nxe5 Bd7 13. Qc2 Nxe5 14. Bxh7+ Kh8 15. Bxe5 f6 16. Bg3 f5 17. Bg6 f4 18. Qe2 Qa5 19. d5 Qxd5 20. Rfd1 Bb5 21. Rxd5 Bxe2 22. Re5 Bg4 23. f3 Bd6 24. Rg5 fxg3 25. Rxg4 gxh2+ 26. Kh1 Rac8 27. Rd1 Be5 28. Re4 Bb8 29. Rd7 Bf4 30. Rxb7 e5 31. c4 Rf6 32. Bf7 Rb6 33. Rxb6 axb6 34. Re1 Ra8 35. Ra1 Ra3 36. Bd5 Kh7 37. g4 Kh6 38. Kg2 Kg5 39. Be4 Kf6 40. Bd5 g5 41. Be4 Ke7 42. Kh1 Kd6 43. Bd5 Kc5 44. Be4 Kxc4 45. Rd1 b5 46. Bd5+ Kc3 47. Rb1 Kd4 48. Rd1+ Ke3 49. Kg2 Rc3 50. Be4 Ke2 51. Rb1 Rc5 52. Rb2+ Ke3 53. Rc2 Rc4 54. Bf5 Rd4 55. Rc3+ Kd2 56. Rc2+ Ke1 57. Rb2 b4 58. Rb1+ Ke2 59. Rb2+ Bd2 60. Be4 h1Q+ 61. Kxh1 Kf2 62. Rc2 Rd8 63. Rc7 Kg3 64. Kg1 Bc3 65. Kf1 Rd1+ 66. Ke2 Rd2+ 67. Ke3 Rxa2 68. Rb7 Bd4+ 69. Kd3 Ra3+ 70. Kc2 Rc3+ 71. Kd2 b3 72. Rb5 Kf4 73. Rb7 Re3 74. Rf7+ Kg3 75. Rb7 b2 76. Rb8 Kf2 77. Rb5 Bc3+ 78. Kc2 Ke2 79. Rb3 Bd4 1/2-1/2

[Event "HUN-chT4 Chalupetzky 1718"]
[Site "Hungary"]
[Date "2017.12.10"]
[Round "4.1"]
[White "Kutas, Lajos Jr"]
[Black "Barson, Laszlo"]
[Result "0-1"]
[WhiteElo "1848"]
[BlackElo "2003"]
[PlyCount "58"]
[EventDate "2017.10.15"]
[EventType "team-tourn"]
[EventRounds "7"]
[EventCountry "HUN"]
[SourceTitle "EXT 2019"]
[Source "ChessBase"]
[SourceDate "2018.10.10"]
[SourceVersion "1"]
[SourceVersionDate "2018.10.10"]
[SourceQuality "1"]
[WhiteTeam "Gyor Szechenyi II"]
[BlackTeam "Fertoszentmiklos"]
[WhiteTeamCountry "HUN"]
[BlackTeamCountry "HUN"]

1. e4 c5 2. Nc3 d6 3. Nf3 Nf6 4. d4 cxd4 5. Nxd4 a6 6. Bd3 e6 7. Be3 Be7 8. 0-0 0-0 9. h3 Qc7 10. f4 Nbd7 11. Nb3 b5 12. a3 Bb7 13. g4 d5 14. e5 Ne4 15. Bxe4 dxe4 16. Qe2 Nc5 17. Nxc5 Bxc5 18. Kh2 Rac8 19. Rac1 Bxa3 20. Nxb5 axb5 21. bxa3 Qc3 22. Ra1 Qxc2 23. Qxc2 Rxc2+ 24. Kg3 Rd8 25. Rfd1 Rd3 26. Rxd3 exd3 27. Rc1 Re2 28. Bb6 Rg2+ 29. Kh4 d2 0-1

[Event "HUN-chT4 Chalupetzky 1718"]
[Site "Hungary"]
[Date "2017.11.19"]
[Round "3.4"]
[White "Horvath, Gabor1111"]
[Black "Barson, Laszlo"]
[Result "1/2-1/2"]
[WhiteElo "1936"]
[BlackElo "2003"]
[PlyCount "77"]
[EventDate "2017.10.15"]
[EventType "team-tourn"]
[EventRounds "7"]
[EventCountry "HUN"]
[SourceTitle "EXT 2019"]
[Source "ChessBase"]
[SourceDate "2018.10.10"]
[SourceVersion "1"]
[SourceVersionDate "2018.10.10"]
[SourceQuality "1"]
[WhiteTeam "KSE Level"]
[BlackTeam "Fertoszentmiklos"]
[WhiteTeamCountry "HUN"]
[BlackTeamCountry "HUN"]

1. Nf3 Nf6 2. b3 d5 3. e3 e6 4. Bb2 Nbd7 5. Be2 Bd6 6. 0-0 0-0 7. d4 Ne4 8. Nbd2 f5 9. Ne5 Qg5 10. Ndf3 Qh6 11. Nxd7 Bxd7 12. Ne5 Be8 13. Qc1 Bh5 14. f3 Nf6 15. Qd2 Rae8 16. Rad1 Re7 17. Bc1 g5 18. e4 Rg7 19. exf5 exf5 20. Bd3 Bxe5 21. dxe5 Nd7 22. Rde1 Qe6 23. c4 Nb6 24. cxd5 Nxd5 25. Bc4 Rd8 26. Rd1 c6 27. Bb2 h6 28. Ba3 b5 29. Bxd5 Rxd5 30. Qc3 Rgd7 31. Bd6 c5 32. Rxd5 Qxd5 33. Qxc5 Qxc5+ 34. Bxc5 Rd2 35. Bxa7 Rxa2 36. Bc5 Re2 37. Bd6 Bf7 38. b4 Bc4 39. Rd1 1/2-1/2

[Event "HUN-chT4 Chalupetzky 1718"]
[Site "Hungary"]
[Date "2017.10.15"]
[Round "1.3"]
[White "Toth, Balazs1111"]
[Black "Barson, Laszlo"]
[Result "1/2-1/2"]
[WhiteElo "1897"]
[BlackElo "2003"]
[PlyCount "54"]
[EventDate "2017.10.15"]
[EventType "team-tourn"]
[EventRounds "7"]
[EventCountry "HUN"]
[SourceTitle "EXT 2019"]
[Source "ChessBase"]
[SourceDate "2018.10.10"]
[SourceVersion "1"]
[SourceVersionDate "2018.10.10"]
[SourceQuality "1"]
[WhiteTeam "Gyor Bastya"]
[BlackTeam "Fertoszentmiklos"]
[WhiteTeamCountry "HUN"]
[BlackTeamCountry "HUN"]

1. e4 c5 2. Nf3 d6 3. d4 cxd4 4. Qxd4 a6 5. Bc4 Nc6 6. Qd3 Nf6 7. 0-0 g6 8. Qb3 e6 9. Qd3 Bg7 10. Nc3 0-0 11. Rd1 b5 12. Bb3 b4 13. Na4 Qc7 14. Be3 Bb7 15. Bb6 Qe7 16. Qxd6 Qxd6 17. Rxd6 Nxe4 18. Rd7 Bc8 19. Rc7 Ne5 20. Nxe5 Bxe5 21. Rc4 Nd2 22. Rxb4 Nxb3 23. Rxb3 Bd7 24. Nc5 Bc6 25. Nd3 Bf6 26. c4 Be4 27. Rd1 Rfc8 1/2-1/2

[Event "HUN-chT4 Chalupetzky 1516"]
[Site "Fertoszentmiklos"]
[Date "2016.03.06"]
[Round "6.3"]
[White "Vamosi, Jozsef"]
[Black "Barson, Laszlo"]
[Result "0-1"]
[WhiteElo "1937"]
[BlackElo "2007"]
[PlyCount "72"]
[EventDate "2015.10.11"]
[EventType "team-tourn"]
[EventRounds "7"]
[EventCountry "HUN"]
[SourceTitle "EXT 2017"]
[Source "ChessBase"]
[SourceDate "2016.10.25"]
[SourceVersion "1"]
[SourceVersionDate "2016.10.25"]
[SourceQuality "1"]
[WhiteTeam "Level KSE"]
[BlackTeam "Fertoszentmiklos"]
[WhiteTeamCountry "HUN"]
[BlackTeamCountry "HUN"]

1. e4 c5 2. Nf3 d6 3. d4 cxd4 4. Nxd4 Nf6 5. Nc3 a6 6. Bd3 e6 7. 0-0 Be7 8. a4 0-0 9. a5 b5 10. axb6 Qxb6 11. Be3 Qc7 12. Qd2 Bb7 13. b4 Rc8 14. Nde2 d5 15. exd5 Bxb4 16. Nb5 Bxd2 17. Nxc7 Rxc7 18. Bxd2 Nxd5 19. Rfb1 Nc6 20. Ng3 f5 21. Ra2 Ne5 22. Be2 Bc8 23. c4 Nxc4 24. Be1 g6 25. Bf3 Ne5 26. Be2 Nc3 27. Rc2 Nxe2+ 28. Rxe2 Nd3 29. Ba5 Rc5 30. Bd8 e5 31. Rd2 e4 32. f3 Rd5 33. Bg5 Rb5 34. Ra1 Bb7 35. fxe4 fxe4 36. Rc2 Rxg5 0-1

[Event "HUN-chT4 Chalupetzky 1516"]
[Site "Fertoszentmiklos"]
[Date "2016.02.21"]
[Round "5.3"]
[White "Barson, Laszlo"]
[Black "Erky, Tamas"]
[Result "1-0"]
[WhiteElo "2005"]
[BlackElo "1665"]
[PlyCount "69"]
[EventDate "2015.10.11"]
[EventType "team-tourn"]
[EventRounds "7"]
[EventCountry "HUN"]
[SourceTitle "EXT 2017"]
[Source "ChessBase"]
[SourceDate "2016.10.25"]
[SourceVersion "1"]
[SourceVersionDate "2016.10.25"]
[SourceQuality "1"]
[WhiteTeam "Fertoszentmiklos"]
[BlackTeam "Toltestava Tornado"]
[WhiteTeamCountry "HUN"]
[BlackTeamCountry "HUN"]

1. e4 e6 2. d4 d5 3. Nd2 c5 4. exd5 exd5 5. Ngf3 Nf6 6. Bb5+ Bd7 7. Bxd7+ Nbxd7 8. 0-0 Be7 9. Re1 0-0 10. b3 cxd4 11. Bb2 d3 12. c4 Re8 13. cxd5 Nxd5 14. Nc4 N7f6 15. Qxd3 Nb4 16. Qc3 Qd3 17. Rxe7 Rxe7 18. Qxb4 Nd5 19. Qd2 Qf5 20. Rd1 Nf4 21. Ne3 Qg6 22. Qd6 Nh3+ 23. Kf1 Re6 24. Qd8+ Re8 25. Qh4 Qa6+ 26. Qc4 Qxc4+ 27. Nxc4 Nf4 28. g3 Ne6 29. Rd7 Nc5 30. Rd5 b6 31. Bd4 Nd3 32. Bxg7 Nb4 33. Rg5 Nxa2 34. Bh6+ Kh8 35. Nce5 1-0

[Event "HUN-chT4 Chalupetzky 1516"]
[Site "Fertoszentmiklos"]
[Date "2015.11.15"]
[Round "2.3"]
[White "Barson, Laszlo"]
[Black "Zalan, Janos"]
[Result "1-0"]
[WhiteElo "1991"]
[BlackElo "1921"]
[PlyCount "80"]
[EventDate "2015.10.11"]
[EventType "team-tourn"]
[EventRounds "7"]
[EventCountry "HUN"]
[SourceTitle "EXT 2017"]
[Source "ChessBase"]
[SourceDate "2016.10.25"]
[SourceVersion "1"]
[SourceVersionDate "2016.10.25"]
[SourceQuality "1"]
[WhiteTeam "Fertoszentmiklos"]
[BlackTeam "UDSE II"]
[WhiteTeamCountry "HUN"]
[BlackTeamCountry "HUN"]

1. e4 e5 2. f4 Bc5 3. Nf3 d6 4. Nc3 Nc6 5. Bb5 Bg4 6. Na4 Bb6 7. Nxb6 axb6 8. d3 Qe7 9. Bxc6+ bxc6 10. h3 Bxf3 11. Qxf3 Nf6 12. 0-0 0-0 13. c3 Nd7 14. Bd2 c5 15. a3 exf4 16. Bxf4 Ne5 17. Qg3 Ng6 18. Rae1 Nxf4 19. Rxf4 Qe5 20. Qf2 Rae8 21. Rf5 Qe6 22. Qg3 f6 23. Ref1 Re7 24. Kh1 Kh8 25. Qh4 Qg8 26. g4 Re5 27. Kg2 Rxf5 28. Rxf5 Re8 29. g5 fxg5 30. Qxg5 h6 31. Qf4 Qb3 32. Qf2 Qe6 33. Rf8+ Rxf8 34. Qxf8+ Kh7 35. Qf5+ Qxf5 36. exf5 g6 37. fxg6+ Kxg6 38. a4 Kf5 39. b4 Ke6 40. a5 Kd5 1-0

[Event "HUN-chT4 1314"]
[Site "Hungary"]
[Date "2014.03.16"]
[Round "8.3"]
[White "Barson, Laszlo"]
[Black "Nagy, Tamas"]
[Result "1-0"]
[WhiteElo "2016"]
[BlackElo "1737"]
[PlyCount "35"]
[EventDate "2013.10.13"]
[EventType "team-tourn"]
[EventRounds "11"]
[EventCountry "HUN"]
[SourceTitle "EXT 2016"]
[Source "ChessBase"]
[SourceDate "2015.10.08"]
[SourceVersion "1"]
[SourceVersionDate "2015.10.08"]
[SourceQuality "1"]

1. e4 c5 2. Nf3 Nc6 3. d4 cxd4 4. Nxd4 Nf6 5. Nc3 e5 6. Ndb5 d6 7. Bg5 a6 8. Na3 b5 9. Nd5 Be7 10. Bxf6 Bxf6 11. c3 Be6 12. Nc2 Bg5 13. Nce3 0-0 14. Bd3 Bxe3 15. Nxe3 d5 16. exd5 Bxd5 17. Nxd5 Qxd5 18. Bxh7+ 1-0

[Event "HUN-chT4a 1314"]
[Site "Hungary"]
[Date "2014.03.08"]
[Round "8.2"]
[White "Barson, Laszlo"]
[Black "Rako, Istvan"]
[Result "1/2-1/2"]
[WhiteElo "2026"]
[BlackElo "2054"]
[PlyCount "35"]
[EventDate "2013.09.28"]
[EventType "team-tourn"]
[EventRounds "9"]
[EventCountry "HUN"]
[SourceTitle "EXT 2016"]
[Source "ChessBase"]
[SourceDate "2015.10.08"]
[SourceVersion "1"]
[SourceVersionDate "2015.10.08"]
[SourceQuality "1"]

1. e4 e5 2. f4 exf4 3. Nf3 Ne7 4. d4 d5 5. exd5 Nxd5 6. Bc4 Bb4+ 7. c3 Be7 8. 0-0 Be6 9. Bxd5 Qxd5 10. Bxf4 c5 11. Kh1 Nc6 12. dxc5 Qxc5 13. Nbd2 Rd8 14. Qe2 0-0 15. Be3 Qh5 16. Ne4 Rfe8 17. Qf2 Qg6 18. Ng3 1/2-1/2

[Event "HUN-chT4 1314"]
[Site "Hungary"]
[Date "2013.12.08"]
[Round "5.3"]
[White "Barson, Laszlo"]
[Black "Kurcsics, Mate"]
[Result "1/2-1/2"]
[WhiteElo "2016"]
[BlackElo "1910"]
[PlyCount "37"]
[EventDate "2013.10.13"]
[EventType "team-tourn"]
[EventRounds "11"]
[EventCountry "HUN"]
[SourceTitle "EXT 2016"]
[Source "ChessBase"]
[SourceDate "2015.10.08"]
[SourceVersion "1"]
[SourceVersionDate "2015.10.08"]
[SourceQuality "1"]

1. e4 c5 2. Nf3 Nc6 3. d4 cxd4 4. Nxd4 g6 5. Nc3 Bg7 6. Be3 Nf6 7. f3 0-0 8. Bc4 Qb6 9. Qd3 Ne5 10. Qe2 Qxb2 11. Kd2 Qb4 12. Bd3 Nc6 13. Rab1 Nxd4 14. Rxb4 Nxe2 15. Kxe2 b6 16. a4 d6 17. a5 bxa5 18. Ra4 Be6 19. Rxa5 1/2-1/2

[Event "HUN-chT4 1314"]
[Site "Hungary"]
[Date "2013.10.27"]
[Round "2.2"]
[White "Barson, Laszlo"]
[Black "Finszter, Mate"]
[Result "1/2-1/2"]
[WhiteElo "2016"]
[BlackElo "2174"]
[PlyCount "74"]
[EventDate "2013.10.13"]
[EventType "team-tourn"]
[EventRounds "11"]
[EventCountry "HUN"]
[SourceTitle "EXT 2016"]
[Source "ChessBase"]
[SourceDate "2015.10.08"]
[SourceVersion "1"]
[SourceVersionDate "2015.10.08"]
[SourceQuality "1"]

1. e4 c5 2. Nf3 d6 3. d4 cxd4 4. Nxd4 Nf6 5. Nc3 g6 6. f3 Bg7 7. Be3 0-0 8. Bc4 Nc6 9. Qd2 Bd7 10. Bb3 Rc8 11. 0-0-0 Ne5 12. Kb1 Nc4 13. Bxc4 Rxc4 14. h4 Re8 15. g4 Qa5 16. Nb3 Qc7 17. h5 Rc8 18. hxg6 fxg6 19. g5 Nh5 20. Bd4 b5 21. Nd5 Qd8 22. Ne3 R4c6 23. Bxg7 Kxg7 24. Nd4 Rc5 25. Ne2 Be6 26. f4 a5 27. f5 Bc4 28. Nd4 Bf7 29. Ng4 Ng3 30. f6+ Kh8 31. Qh2 Nh5 32. Nh6 Qf8 33. fxe7 Qxe7 34. Nxf7+ Qxf7 35. Qxd6 Qc7 36. Qxc7 R5xc7 37. Nxb5 Rxc2 1/2-1/2

[Event "HUN-chT4a 1314"]
[Site "Hungary"]
[Date "2013.09.28"]
[Round "1.1"]
[White "Barson, Laszlo"]
[Black "Orosz, Andras"]
[Result "0-1"]
[WhiteElo "2026"]
[BlackElo "2166"]
[PlyCount "26"]
[EventDate "2013.09.28"]
[EventType "team-tourn"]
[EventRounds "9"]
[EventCountry "HUN"]
[SourceTitle "EXT 2016"]
[Source "ChessBase"]
[SourceDate "2015.10.08"]
[SourceVersion "1"]
[SourceVersionDate "2015.10.08"]
[SourceQuality "1"]

1. e4 c5 2. Nc3 Nc6 3. Nf3 g6 4. d4 cxd4 5. Nxd4 Bg7 6. Be3 Nf6 7. f3 0-0 8. Qd2 d5 9. Nxc6 bxc6 10. 0-0-0 Qa5 11. Kb1 Rb8 12. Nxd5 Rxb2+ 13. Kxb2 Nxe4+ 0-1

[Event "HUN-chT2 Szechenyi 1213"]
[Site "Hungary"]
[Date "2013.03.24"]
[Round "9.6"]
[White "Barson, Laszlo"]
[Black "Szukics, Adam"]
[Result "1-0"]
[WhiteElo "2032"]
[BlackElo "1875"]
[PlyCount "73"]
[EventDate "2012.09.16"]
[EventType "team-tourn"]
[EventRounds "11"]
[EventCountry "HUN"]
[SourceTitle "EXT 2014"]
[Source "ChessBase"]
[SourceDate "2013.11.20"]
[SourceVersion "1"]
[SourceVersionDate "2013.11.20"]
[SourceQuality "1"]
[WhiteTeam "Lovo"]
[BlackTeam "Haladas III"]
[WhiteTeamCountry "HUN"]
[BlackTeamCountry "HUN"]

1. e4 e5 2. f4 Bc5 3. Nf3 d5 4. exd5 e4 5. Qe2 Qe7 6. Ne5 Nf6 7. Nc3 Nbd7 8. Nxe4 Nxe4 9. Qxe4 f6 10. d4 Bb6 11. Bd3 fxe5 12. fxe5 c5 13. d6 Qe6 14. 0-0 cxd4 15. Qh4 Bd8 16. Bg5 Bb6 17. Bf5 Qc4 18. Bg6+ hxg6 19. Qxh8+ Nf8 20. Rxf8+ Kd7 21. Qxg7+ Kc6 22. Kh1 Qd5 23. c4 Qe4 24. Rf4 Qe2 25. c5 Ba5 26. b4 Qb2 27. Rff1 Qxb4 28. Rab1 Qc4 29. Qf8 Bf5 30. Qxa8 Bxb1 31. Rxb1 Qa6 32. Qc8+ Kd5 33. d7 Qd3 34. Qxb7+ Kxe5 35. d8Q Bxd8 36. Bxd8 Qc2 37. Re1+ 1-0

[Event "HUN-chT4 1112"]
[Site "Hungary"]
[Date "2012.05.13"]
[Round "9.2"]
[White "Farkas, Gyula"]
[Black "Barson, Laszlo"]
[Result "1/2-1/2"]
[WhiteElo "2193"]
[BlackElo "2029"]
[PlyCount "34"]
[EventDate "2011.09.11"]
[EventType "team-tourn"]
[EventRounds "9"]
[EventCountry "HUN"]
[SourceTitle "EXT 2016"]
[Source "ChessBase"]
[SourceDate "2015.10.08"]
[SourceVersion "1"]
[SourceVersionDate "2015.10.08"]
[SourceQuality "1"]

1. e4 c5 2. Nf3 d6 3. d4 cxd4 4. Qxd4 Nc6 5. Bb5 Bd7 6. Bxc6 Bxc6 7. Nc3 Nf6 8. Bg5 e6 9. 0-0-0 Be7 10. Rhe1 0-0 11. Qd2 Qc7 12. Nd4 Rfe8 13. Ndb5 Bxb5 14. Nxb5 Qc4 15. Nxd6 Qxa2 16. c3 Bxd6 17. Bxf6 Ba3 1/2-1/2

[Event "HUN-chT2 Szechenyi 1112"]
[Site "Hungary"]
[Date "2011.11.27"]
[Round "4.8"]
[White "Gyarmati, Janos"]
[Black "Barson, Laszlo"]
[Result "1/2-1/2"]
[WhiteElo "2056"]
[BlackElo "2029"]
[PlyCount "42"]
[EventDate "2011.09.25"]
[EventType "team-tourn"]
[EventRounds "11"]
[EventCountry "HUN"]
[SourceTitle "EXT 2013"]
[Source "ChessBase"]
[SourceDate "2012.11.22"]
[SourceVersion "1"]
[SourceVersionDate "2012.11.22"]
[SourceQuality "1"]
[WhiteTeam "Tapolca"]
[BlackTeam "Lovo"]
[WhiteTeamCountry "HUN"]
[BlackTeamCountry "HUN"]

1. e4 c5 2. Nf3 d6 3. Bb5+ Nd7 4. 0-0 a6 5. Bxd7+ Qxd7 6. Qe2 e5 7. Rd1 g6 8. c3 Bg7 9. d4 Qc7 10. dxe5 dxe5 11. h3 Ne7 12. Nbd2 0-0 13. b3 b6 14. Bb2 Bb7 15. Nf1 Rad8 16. Ng3 h6 17. Rac1 Kh7 18. Rc2 Rxd1+ 19. Qxd1 Rd8 20. Rd2 Rxd2 21. Qxd2 Nc6 1/2-1/2

[Event "HUN-chT2 Szechenyi 0506"]
[Site "Hungary"]
[Date "2006.04.23"]
[Round "11"]
[White "Domotor, Jozsef"]
[Black "Barson, Laszlo"]
[Result "1/2-1/2"]
[WhiteElo "2061"]
[BlackElo "2089"]
[PlyCount "93"]
[EventDate "2005.10.16"]
[EventType "team"]
[EventRounds "11"]
[EventCountry "HUN"]
[SourceTitle "EXT 2009"]
[Source "ChessBase"]
[SourceDate "2008.11.26"]
[SourceVersion "1"]
[SourceVersionDate "2008.11.26"]
[SourceQuality "1"]
[WhiteTeam "Kvarosi Zeg"]
[BlackTeam "Lovo"]
[WhiteTeamCountry "HUN"]
[BlackTeamCountry "HUN"]

1. d4 d5 2. Nf3 Nf6 3. c4 c6 4. Nc3 e6 5. cxd5 exd5 6. Bg5 Be7 7. e3 Be6 8. Bd3 Nbd7 9. Qc2 0-0 10. 0-0 Re8 11. Ne5 h6 12. Bf4 Nxe5 13. Bxe5 Ng4 14. Bg3 Bd6 15. Bxd6 Qxd6 16. g3 Rad8 17. Ne2 g5 18. Bf5 Kg7 19. h3 Nf6 20. Kg2 Ne4 21. Bxe4 dxe4 22. Qc3 Qd5 23. a3 h5 24. Rfd1 f5 25. h4 f4 26. gxf4 Bg4 27. Kf1 gxh4 28. Qc5 Qxc5 29. dxc5 Kf6 30. Rxd8 Rxd8 31. Nd4 h3 32. Kg1 Rxd4 33. exd4 Kf5 34. Re1 Kxf4 35. Re3 Bf3 36. Kh2 Bg2 37. Rb3 b5 38. cxb6 axb6 39. Rxb6 Kf3 40. Kg1 e3 41. Rb3 h2+ 42. Kxh2 Kxf2 43. Rxe3 Kxe3 44. Kxg2 Kxd4 45. a4 Kc4 46. a5 Kb5 47. b4 1/2-1/2

[Event "HUN-chT2 Szechenyi 0506"]
[Site "Hungary"]
[Date "2006.01.22"]
[Round "6"]
[White "Geroly, Jozsef"]
[Black "Barson, Laszlo"]
[Result "1-0"]
[WhiteElo "2097"]
[BlackElo "2089"]
[PlyCount "83"]
[EventDate "2005.10.16"]
[EventType "team"]
[EventRounds "11"]
[EventCountry "HUN"]
[SourceTitle "EXT 2009"]
[Source "ChessBase"]
[SourceDate "2008.11.26"]
[SourceVersion "1"]
[SourceVersionDate "2008.11.26"]
[SourceQuality "1"]
[WhiteTeam "HEMO"]
[BlackTeam "Lovo"]
[WhiteTeamCountry "HUN"]
[BlackTeamCountry "HUN"]

1. Nf3 d5 2. g3 Nf6 3. Bg2 Bf5 4. c4 c6 5. 0-0 e6 6. d4 Be7 7. Nc3 h6 8. a3 0-0 9. Nd2 Nbd7 10. e4 Bh7 11. exd5 cxd5 12. cxd5 e5 13. dxe5 Nxe5 14. Nde4 Nxe4 15. Nxe4 Nc4 16. b3 Nd6 17. Nxd6 Bxd6 18. Bb2 Re8 19. Re1 Rxe1+ 20. Qxe1 Rc8 21. Rc1 Kf8 22. b4 Bf5 23. Rxc8 Qxc8 24. Qc3 Qxc3 25. Bxc3 b5 26. f4 g5 27. fxg5 hxg5 28. Kf2 Ke7 29. Ke3 f6 30. Bd4 a6 31. Bc5 Kd7 32. Bxd6 Kxd6 33. h4 Ke5 34. h5 g4 35. d6 Kxd6 36. Kf4 Bh7 37. Kxg4 Ke5 38. Bb7 Kd4 39. Bxa6 Kc4 40. a4 Kxb4 41. Bxb5 Ka5 42. Be8 1-0

[Event "HUN-chT2 Szechenyi 0506"]
[Site "Hungary"]
[Date "2005.12.04"]
[Round "5"]
[White "Barson, Laszlo"]
[Black "Tako, Annamaria"]
[Result "1-0"]
[WhiteElo "2089"]
[BlackElo "1952"]
[PlyCount "39"]
[EventDate "2005.10.16"]
[EventType "team"]
[EventRounds "11"]
[EventCountry "HUN"]
[SourceTitle "EXT 2009"]
[Source "ChessBase"]
[SourceDate "2008.11.26"]
[SourceVersion "1"]
[SourceVersionDate "2008.11.26"]
[SourceQuality "1"]
[WhiteTeam "Lovo"]
[BlackTeam "Arboretum"]
[WhiteTeamCountry "HUN"]
[BlackTeamCountry "HUN"]

1. e4 e5 2. f4 d5 3. exd5 Qxd5 4. Nc3 Qe6 5. fxe5 Qxe5+ 6. Be2 c6 7. d4 Qc7 8. Nf3 Nf6 9. 0-0 Bd6 10. Bc4 Bg4 11. Qe1+ Qe7 12. Qh4 0-0 13. Bg5 Be6 14. Rae1 b5 15. Bd3 h6 16. Bxh6 gxh6 17. Qxh6 Nbd7 18. Ne5 Bxe5 19. dxe5 Qc5+ 20. Kh1 1-0

[Event "HUN-chT2 Szechenyi 0405"]
[Site "Hungary"]
[Date "2005.01.23"]
[Round "6"]
[White "Takacs, Gergo"]
[Black "Barson, Laszlo"]
[Result "1-0"]
[WhiteElo "1988"]
[BlackElo "2069"]
[PlyCount "109"]
[EventDate "2004.09.26"]
[EventType "team"]
[EventRounds "11"]
[EventCountry "HUN"]
[SourceTitle "EXT 2009"]
[Source "ChessBase"]
[SourceDate "2008.11.26"]
[SourceVersion "1"]
[SourceVersionDate "2008.11.26"]
[SourceQuality "1"]
[WhiteTeam "Sarvar"]
[BlackTeam "Lovo"]
[WhiteTeamCountry "HUN"]
[BlackTeamCountry "HUN"]

1. e4 c5 2. Nf3 d6 3. d4 cxd4 4. Nxd4 Nf6 5. Nc3 a6 6. Bg5 e6 7. Qf3 Be7 8. 0-0-0 Nc6 9. Nxc6 bxc6 10. e5 Nd5 11. Bxe7 Qxe7 12. exd6 Qxd6 13. Ne4 Qf4+ 14. Qxf4 Nxf4 15. g3 Ng6 16. Nd6+ Ke7 17. Bg2 Bd7 18. Rd2 Rhd8 19. Rhd1 Ra7 20. f4 Kf8 21. Nc4 Rc7 22. Nb6 Ke7 23. a4 c5 24. a5 Nf8 25. c4 Rb8 26. Rd6 Be8 27. Kc2 Nd7 28. Kc3 h6 29. Bf3 g5 30. Nxd7 Bxd7 31. Rb6 Rcc8 32. b3 Rxb6 33. axb6 Rb8 34. b7 f6 35. Ra1 Kd6 36. Rxa6+ Kc7 37. b4 cxb4+ 38. Kxb4 Bc8 39. Kc5 Bxb7 40. Ra7 gxf4 41. gxf4 Kc8 42. Rxb7 Rxb7 43. Bxb7+ Kxb7 44. Kd6 e5 45. fxe5 fxe5 46. Kxe5 Kc6 47. Kf6 Kc5 48. Kg6 Kxc4 49. Kxh6 Kd5 50. Kg7 Ke5 51. h4 Kf5 52. h5 Kg5 53. h6 Kg4 54. h7 Kg3 55. h8Q 1-0